Introduction to theoretical ecology

Αποθηκεύτηκε σε:
Λεπτομέρειες βιβλιογραφικής εγγραφής
Κύριος συγγραφέας: Yodzis, Peter 1943-
Μορφή: Βιβλίο
Γλώσσα:English
Δημοσίευση: Cambridge : Harper and Row, 1989
Θέματα:
Ετικέτες: Προσθήκη ετικέτας
Δεν υπάρχουν, Καταχωρήστε ετικέτα πρώτοι!

MARC

LEADER 00000nam a2200000 i 4500
001 1/100918
008 951009s1989 eng d
020 |a 0-06-047369-X 
035 |1 ΠΑΡ  |a 1997  |l 10011892 
040 |a GR-MY-UA  |b gre  |e aacr 
041 0 |a eng 
082 0 |a 574.501 
100 1 |a Yodzis, Peter  |d 1943- 
245 1 0 |a Introduction to theoretical ecology /  |c Peter Yodzis 
260 |a Cambridge :   |b Harper and Row,   |c 1989 
300 |a 384 p. 
504 |a Includes bibliographical references and index 
650 0 0 |a Ecology. 
852 |a INST  |b LESVOS  |e 19951009  |h 574.501 YOD  |p 005100007676  |q 005100007676  |t BK  |y 0 
852 |a INST  |b LESVOS  |e 19971017  |h 574.501 YOD  |p 005100007841  |q 005100007841  |t BK  |y 0 
909 |a Λ  |b 041210 
909 |a Λ  |b 041943 
950 |a 084-1995-02-23